Impact of FinTech Sector Development on Money Laundering Prevention
Hlavným cieľom článku je posúdiť vplyv rozvoja FinTech sektora na prevenciu prania špinavých peňazí podľa viacerých kritérií. Použitie bazilejského indexu pri skúmaní efektívnosti pri riešení prania špinavých peňazí.
Salvato in:
| Autore principale: | |
|---|---|
| Altri autori: | , |
| Natura: | Capitolo di libro |
| Lingua: | inglese |
| Soggetti: | |
| Tags: |
Nessun Tag, puoi essere il primo ad aggiungerne!!
|
MARC
| LEADER | 00000naa a2200000 4500 | ||
|---|---|---|---|
| 001 | 0303111 | ||
| 005 | 20240718123324.7 | ||
| 041 | 0 | |a eng | |
| 044 | |a SK | ||
| 245 | 1 | 0 | |a Impact of FinTech Sector Development on Money Laundering Prevention |c Karolina Geceviciene, Irena Danileviciene, Laima Okuneviciute-Neverauskiene |
| 520 | |a Hlavným cieľom článku je posúdiť vplyv rozvoja FinTech sektora na prevenciu prania špinavých peňazí podľa viacerých kritérií. Použitie bazilejského indexu pri skúmaní efektívnosti pri riešení prania špinavých peňazí. | ||
| 610 | 2 | 0 | |a technológie finančné |
| 610 | 2 | 0 | |a pranie špinavých peňazí |
| 610 | 2 | 0 | |a regulácia finančná |
| 610 | 2 | 0 | |a prevencia |
| 610 | 2 | 0 | |a služby finančné |
| 100 | 1 | |a Geceviciene, Karolina | |
| 700 | 1 | |a Danileviciene, Irena | |
| 700 | 1 | |a Okuneviciute-Neverauskiene, Laima | |